2. Bundesliga Abschlusstabelle 2024 - Statistiken

Allgemein
  • Dieses Quiz wurde 241 mal gespielt
  • Das Durchschnittsergebnis liegt bei 14 aus 18
Antwortstatistiken
# Verein X:X TD Punkte % Korrekt
1 FC St. Pauli 62:36 +26 69
99%
3 Fortuna Düsseldorf 72:40 +32 63
96%
2 SV Holstein Kiel 65:39 +26 68
96%
4 Hamburger SV 64:44 +20 58
95%
10 FC Schalke 04 53:60 -7 43
81%
16 SV Wehen Wiesbaden 36:50 -14 32
80%
18 VfL Osnabrück 31:69 -38 28
80%
6 Hannover 96 59:44 +15 52
78%
17 FC Hansa Rostock 30:57 -27 31
77%
15 Eintracht Braunschweig 37:53 -16 38
76%
5 Karlsruher SC 68:48 +20 55
76%
9 Hertha BSC 69:59 +10 48
75%
8 SpVgg Greuther Fürth 50:49 +1 50
74%
12 1.FC Nürnberg 43:64 -21 40
73%
13 1.FC Kaiserslautern 59:64 -5 39
70%
11 SV Elversberg 49:63 -14 43
69%
14 1.FC Magdeburg 46:54 -8 38
68%
7 SC Paderborn 07 54:54 0 52
67%
Keine übereinstimmenden Quizze gefunden
Verteilung der Resultate
Anzahl Personen mit jedem Resultat
Perzentil nach korrekt beantworteten Fragen
Ihre Resultats-Entwicklung
Sie haben dieses Quiz noch nicht gespielt